000 00818nam a2200241Ia 4500
003 OSt
005 20220923212202.0
006 a|||||r|||| 00| 0
007 ta
008 220922b |||||||| |||| 00| 0 hin d
024 _a151,482
037 _cTextual
040 _aARTS
_cARTS
_bhin
041 _2hin
_ahin
082 _aO152,3N39x, K0
100 _aपण्डित, बरदाचारी, संपा.
245 0 _aदूसरे विश्वयुद्ध की सच्ची कहानियां
246 _aDūsare vishvayuddha kī sachchī kahāniyāan
260 _c1960
650 _aसंस्कृत साहित्य
942 _hO152,3N39x, K0
_cTEXL
_2CC
999 _c307155
_d307155